| 000 | 01287nam a2200325 a 4500 | ||
|---|---|---|---|
| 001 | 000116088 | ||
| 003 | CHAP | ||
| 005 | 20220329144600.0 | ||
| 008 | 190906s2019 mx a |sm |||||||spa d | ||
| 010 | _a112549 | ||
| 011 | _a113521 | ||
| 040 | _cCHAP | ||
| 090 | _aTesis | ||
| 100 | 1 |
_aAlcantara Contreras, Gladys Karen. _9136822 |
|
| 245 | 1 | 0 |
_aVulnerabilidad de comunidades vegetales de selva baja caducifolia ante esenarios de cambio climático en el ejido de el limón de Cuauchichinola, Morelos. _h[En línea] _cpor Gladys Karen Alcántara Contreras. |
| 260 |
_aChapingo, Méx. : _bEl autor, _c2019. |
||
| 500 | _aPara ver el contenido del material haga clic en la liga | ||
| 502 | _aTesis (Ing. en Recursos Naturales Renovables) -- UACH. Departamento de Suelos | ||
| 590 |
_aBATCH-UPD _b05 _c20190906 _lUCH01 _h1215 |
||
| 590 |
_aE6339RRR _b05 _c20190906 _lUCH01 _h1214 |
||
| 590 |
_aE6339RRR _b05 _c20190906 _lUCH01 _h1214 |
||
| 650 | 1 | 4 |
_aCambio climático _xBosques. _917782 |
| 650 | 1 | 4 |
_aCambio climático _xEfecto en suelos. _9132129 |
| 650 | 1 | 4 |
_aCambio global del medio ambiente. _9133223 |
| 650 | 1 | 4 |
_aRecursos naturales _xMorelos. _995300 |
| 856 |
_aFinding aid _uhttp://10.13.5.2/tesis/sist116088.pdf _zTeclea aquí |
||
| 901 | _aBK | ||
| 942 | _cTESIS | ||
| 942 | _n0 | ||
| 999 |
_c112549 _d112549 |
||